01745 a2200193 45000010006000000050017000060080041000230030015000640400040000790800075001192450023001940200018002172500012002352640044002473000017002915051106003081000026014148560111014402836020260407155555.0260407a1985 arg spa dAR-UNSa-BCEJYS aAR-UNSa-BCEJYSbspacAR-UNSa-BCEJYS a342.1xEstado. Pueblo. Nación. Poder del estado (Derecho político)10aDerecho político a950-14-0276-2 a6a. ed. 1aBuenos Aires :bEdiciones Depalmac1985 a2 v.c23 cm. aVol. I: 1. Política y ciencia política - 2. Relaciones de la política - 3. Derecho político - 4. Teoría de la sociedad - 5. Los orígenes - 6. Naturaleza del estado - 7. Teoría del estado - 8. Método - 9. El estado - 10. Tipos históricos y formas políticas - 11. Elementos del estado - 12. El territorio - 13. Población - 14. El poder - 15. Justificación del poder - 16. Soberanía - 17. Estado y derecho - 18. Fines del estado - 19. Personalidad del estado - 20. La democracia -- Vol. II: 21. Teoría de la Constitución - 22. Organización del poder - 23. Gobierno y administración - 24. Centralización y descentralización. El estado federal - 25. Estado de necesidad - Revolución. Gobiernos de Facto - 26. Sufragio - 27. Principios, fundamentos y formas del sufragio - 28. Sistemas electorales y de representación - 29. La democracia política y el sufragio en nuestro país - 30. La representación política - 31. Los partidos políticos - 32. Los medios de acción de la política y la opinión pública - 33. Factores de poder y grupos de presión1 aFayt, Carlos Santiago41uhttps://biblioeco.unsa.edu.ar/pmb/images/libros/Derecho Pol?tico-l45007.jpgyImagen de portadaqimage/jpeg